|
|
|
|
| LEADER |
00000nab a2200000 a 4500 |
| 001 |
vtls000671752 |
| 003 |
SK-MaSNL |
| 005 |
20260304093002.0 |
| 008 |
250425c1998 xo 0 slo |
| 015 |
|
|
|a SNBRB1998/10-29189
|
| 035 |
|
|
|a CLN000023929
|
| 035 |
|
|
|a urn:nbn:sk:snk-abeq5t
|
| 035 |
|
|
|a (urnnbn)urn:nbn:sk:snk:ar-000dmq
|
| 035 |
|
|
|a (uuid)9f008971-58ba-48d9-af8d-4f7b632019e7
|
| 040 |
|
|
|a SNKBUCL
|b slo
|c SNKBUCL
|e AACR2
|
| 041 |
0 |
|
|a slo
|
| 044 |
|
|
|a xo
|c SK
|
| 080 |
|
|
|a 885.4-1
|2 1997
|
| 100 |
1 |
|
|a Turan, Andrijan,
|d 1962-
|4 aut
|9 94167
|
| 245 |
1 |
0 |
|a Pálenie plameňa ; Situácia: Slnko
|c Andrijan Turan
|
| 655 |
|
7 |
|a slovenská poézia
|2 snkbucl
|9 70444
|
| 655 |
|
7 |
|a články z novín a časopisov
|2 snkbucl
|9 267496
|
| 655 |
|
7 |
|a články z odboru literárna veda a krásna literatúra
|2 snkbucl
|9 770045
|
| 773 |
0 |
|
|t Slovenské pohľady
|g Roč. 4+114, č. 10 (1998), s. 44-45
|
| 850 |
|
|
|a Slovenská národná knižnica
|
| 852 |
|
|
|a Slovenská národná knižnica
|
| 958 |
|
|
|a article27
|
| 958 |
|
|
|a LX
|
| 958 |
|
|
|a SK
|
| 958 |
|
|
|a OND
|
| 958 |
|
|
|a EUIPO
|
| 992 |
|
|
|a RBX
|
| 999 |
|
|
|c 2821113
|d 2823043
|